000 00644nam a2200193Ii 4500
003 JO-AjNU
008 230605s9999||||xx |||||||||||||| ||und||
040 _aJO-AjNU
_bara
_erda
_cJO-AjNU
041 _aara
050 1 4 _aBP145
100 3 _aنوفل ، يوسف يونس,
_eauthor
_915934
245 0 0 _aالبيئة الحيوانية ثروة غذائية مملكة ربانية
264 3 1 _aالمنصورة:مكتبة الورد ، 1900
300 _a80ص
336 _atext
_btxt
_2rdacontent
337 _aunmediated
_bn
_2rdamedia
338 _avolume
_bnc
_2rdacarrier
650 4 _aالبيئه الحيوانيه -اغذية
_915935
999 _aA4613
_c8181
_d8181